| 000 | 02447cam a2200301 i 4500 | ||
|---|---|---|---|
| 001 | 22892422 | ||
| 003 | EG-ScBUE | ||
| 005 | 20250514094812.0 | ||
| 008 | 221206t2022 nyu f 000 1 eng d | ||
| 020 | _a9780008501853 | ||
| 040 |
_aDLC _beng _erda _cDLC _dDLC _dEG-ScBUE |
||
| 082 | 0 | 4 |
_a813.6 _222 _bKUA |
| 100 | 1 |
_aKuang, R. F. _q(Rebecca F.), _eauthor. |
|
| 245 | 1 | 0 |
_aBabel : _bor the necessity of violence : an arcane history of the Oxford translators' revolution / _cR.F. Kuang. |
| 246 | 3 | 0 | _aNecessity of violence |
| 250 | _aFirst edition. | ||
| 264 | 1 |
_aNew York, NY : _bHarper, Voyager _c[2022] |
|
| 264 | 4 | _cc2022 | |
| 300 |
_axii, 544 pages ; _c24 cm |
||
| 336 |
_atext _btxt _2rdacontent |
||
| 337 |
_aunmediated _bn _2rdamedia |
||
| 338 |
_avolume _bnc _2rdacarrier |
||
| 520 |
_a"From award-winning author R. F. Kuang comes Babel, a thematic response to The Secret History and a tonal retort to Jonathan Strange & Mr. Norrell that grapples with student revolutions, colonial resistance, and the use of language and translation as the dominating tool of the British empire. Traduttore, traditore: An act of translation is always an act of betrayal. 1828. Robin Swift, orphaned by cholera in Canton, is brought to London by the mysterious Professor Lovell. There, he trains for years in Latin, Ancient Greek, and Chinese, all in preparation for the day he'll enroll in Oxford University's prestigious Royal Institute of Translation--also known as Babel. Babel is the world's center for translation and, more importantly, magic. Silver working--the art of manifesting the meaning lost in translation using enchanted silver bars--has made the British unparalleled in power, as its knowledge serves the Empire's quest for colonization. For Robin, Oxford is a utopia dedicated to the pursuit of knowledge. But knowledge obeys power, and as a Chinese boy raised in Britain, Robin realizes serving Babel means betraying his motherland. As his studies progress, Robin finds himself caught between Babel and the shadowy Hermes Society, an organization dedicated to stopping imperial expansion. When Britain pursues an unjust war with China over silver and opium, Robin must decide... Can powerful institutions be changed from within, or does revolution always require violence?"-- _cProvided by publisher. |
||
| 650 | 0 |
_aEnglish fiction _y21th century. _2BUEsh |
|
| 653 |
_cMay2025 _bHHUUEENN |
||
| 655 | _vReading book | ||
| 942 |
_2ddc _cBB |
||
| 999 |
_c30988 _d30959 |
||